[Event "ch-FRA Blitz Online Qual"]
[Site "Europe-Chess INT"]
[Date "2020.05.16"]
[Round "4"]
[White "Lauferon, Augustin"]
[Black "Delorme, Alban"]
[Result "1/2-1/2"]
[BlackTitle "FM"]
[WhiteElo "1865"]
[BlackElo "2322"]
[WhiteFideId "20655177"]
[BlackFideId "623636"]
[EventDate "2020.05.16"]

1. e4 c5 2. Nf3 Nc6 3. c4 g6 4. d4 cxd4 5. Nxd4 Bg7 6. Be3 Nf6 7. Nc3 Ng4 8.
Nxc6 Nxe3 9. Nxd8 Nxd1 10. Nxd1 Kxd8 11. Bd3 d6 12. O-O Be6 13. Rc1 Rc8 14. b3
Bd4 15. Nc3 a6 16. Ne2 Bf6 17. f3 Kd7 18. Rfd1 Rc7 19. Kf2 Rhc8 20. Nf4 Bg5 21.
Nxe6 fxe6 22. Rc2 b5 23. g3 e5 24. Rb2 b4 25. Kg2 Be3 26. Re2 Bd4 27. Bb1 g5 28.
f4 gxf4 29. gxf4 Rg8+ 30. Kf3 Rcc8 31. Rg2 Rxg2 32. Kxg2 Rg8+ 33. Kf3 Rf8 34. f5
Rg8 35. Rd2 Rg1 36. Bd3 Ke8 37. Rg2 Re1 38. Re2 Rd1 39. Bc2 Rc1 40. Rg2 Kf7 41.
Bd3 a5 42. Rc2 Rd1 43. Ke2 Rg1 44. Kf3 h5 45. Rg2 Re1 46. Re2 Rd1 47. Bc2 Rc1
48. Rg2 Kf6 49. Rg6+ Kf7 50. Rg2 h4 51. Kg4 e6 52. fxe6+ Kxe6 53. Kxh4 Rf1 54.
Kg3 Be3 55. h4 Bf4+ 56. Kg4 Rh1 57. h5 Kf6 58. Rf2 Rg1+ 59. Kf3 Rh1 60. Kg4 Kf7
61. Rg2 Kf6 62. Rf2 1/2-1/2

[Event "ch-FRA Blitz Online Qual"]
[Site "Europe-Chess INT"]
[Date "2020.05.16"]
[Round "4"]
[White "Pucher, Sebastien"]
[Black "Bernard, Mathis"]
[Result "0-1"]
[WhiteTitle "FM"]
[WhiteElo "2322"]
[BlackElo "1880"]
[WhiteFideId "627232"]
[BlackFideId "36075205"]
[EventDate "2020.05.16"]

1. Nf3 Nf6 2. g3 b5 3. Bg2 Bb7 4. O-O c5 5. d3 e6 6. b3 Be7 7. Bb2 O-O 8. c4 a6
9. Nc3 b4 10. Na4 d6 11. d4 cxd4 12. Nxd4 Bxg2 13. Kxg2 Qc7 14. Rc1 Nbd7 15. f3
Nc5 16. Nxc5 dxc5 17. Nc2 Rfd8 18. Qe1 a5 19. e4 a4 20. Qe2 a3 21. Ba1 Rd7 22.
Rcd1 Rad8 23. Rxd7 Qxd7 24. Ne3 Qd2 25. Kf2 Kf8 26. Rd1 Qxe2+ 27. Kxe2 Rxd1 28.
Kxd1 Nd7 29. f4 Bf6 30. e5 Be7 31. Ke2 h5 32. Kf3 g6 33. h3 f6 34. exf6 Bxf6 35.
Bxf6 Nxf6 36. g4 hxg4+ 37. hxg4 Ke7 38. g5 Ne8 39. Ng4 Nd6 40. Ne5 Nf5 41. Nxg6+
Kd7 42. Ne5+ Ke8 43. Ke4 Ng3+ 44. Ke3 Nf5+ 45. Kd3 Nd4 0-1

[Event "ch-FRA Blitz Online Qual"]
[Site "Europe-Chess INT"]
[Date "2020.05.16"]
[Round "4"]
[White "Vallee, Louis"]
[Black "Durand-Le Ludec, Brendan-Budok"]
[Result "0-1"]
[WhiteElo "1864"]
[BlackElo "2205"]
[WhiteFideId "45103291"]
[BlackFideId "26064340"]
[EventDate "2020.05.16"]

1. d4 Nf6 2. c4 g6 3. Nc3 Bg7 4. e4 d6 5. Nf3 O-O 6. h3 e5 7. d5 Nh5 8. Be3 Na6
9. Qe2 Nf4 10. Qd1 f5 11. g3 fxe4 12. Nxe4 Bf5 13. Nc3 Nb4 14. gxf4 Nc2+ 15. Kd2
exf4 16. Bd4 Nxd4 17. Nxd4 Bxd4 18. Bd3 Bxf2 19. Bxf5 Rxf5 20. h4 Bxh4 21. Qg4
Bg5 22. Rh2 f3+ 23. Kc2 h5 24. Rxh5 gxh5 25. Qxf5 Qf6 26. Qxf6 Bxf6 27. Rf1 Bxc3
28. Kxc3 Rf8 29. Kd3 Kg7 30. Ke3 f2 31. Rxf2 Rxf2 32. Kxf2 Kf6 33. Ke3 Ke5 34.
b4 h4 35. a4 h3 36. Kf3 Kd4 37. c5 dxc5 38. bxc5 Kxc5 39. d6 cxd6 40. Kg3 d5 41.
Kxh3 Kd4 0-1

[Event "ch-FRA Blitz Online Qual"]
[Site "Europe-Chess INT"]
[Date "2020.05.16"]
[Round "4"]
[White "Barbaras, Mathieu"]
[Black "Hasseine, Madiane"]
[Result "1/2-1/2"]
[WhiteElo "2200"]
[BlackElo "2157"]
[WhiteFideId "20622910"]
[BlackFideId "45180482"]
[EventDate "2020.05.16"]

1. d4 d5 2. Nf3 Nf6 3. c4 e6 4. g3 Be7 5. Bg2 O-O 6. O-O dxc4 7. Qc2 a6 8. a4
Bd7 9. Qxc4 Bc6 10. Bg5 a5 11. Nc3 Na6 12. Rac1 Nb4 13. Rfd1 h6 14. Bxf6 Bxf6
15. e4 Qe8 16. b3 Rd8 17. d5 Bd7 18. Nd4 Bxd4 19. Rxd4 e5 20. Rd2 c6 21. Rcd1
Qe7 22. d6 Qe6 23. Bf1 Rfe8 24. Qc5 Qxb3 25. Bc4 Na6 26. Bxa6 bxa6 27. Qxa5 Rb8
28. Kg2 f5 29. f3 Qc4 30. Qc7 Red8 31. Rc2 Rbc8 32. Qb6 fxe4 33. fxe4 Bg4 34.
Re1 Qd3 35. Qb1 Qf3+ 36. Kg1 Rxd6 37. Rf1 Qe3+ 38. Kg2 Rd2+ 39. Rxd2 Qxd2+ 40.
Rf2 Qxc3 41. Qb7 Qe3 42. Qf7+ Kh8 43. h3 Qxe4+ 44. Kh2 Bd1 45. Qd7 Rg8 46. Qxd1
Qe3 47. Qc2 Qd4 48. Rf7 c5 49. Rc7 Rd8 50. h4 Qd2+ 51. Qxd2 Rxd2+ 52. Kh3 Rc2
53. Rc6 e4 54. Rxa6 e3 55. Re6 e2 56. a5 c4 57. a6 Ra2 58. a7 Rxa7 59. Rxe2 c3
60. Rc2 Rc7 61. Kg4 Kg8 62. Kf5 Kf7 63. g4 g6+ 64. Ke5 Ke7 65. g5 hxg5 66. hxg5
Rc8 67. Kd5 Kd7 68. Ke5 Ke7 69. Kd5 Rd8+ 70. Ke5 Rc8 1/2-1/2

[Event "ch-FRA Blitz Online Qual"]
[Site "Europe-Chess INT"]
[Date "2020.05.16"]
[Round "4"]
[White "Rousseau, Matthieu"]
[Black "Bouget, Alexandre"]
[Result "0-1"]
[BlackTitle "FM"]
[WhiteElo "1862"]
[BlackElo "2238"]
[WhiteFideId "26049724"]
[BlackFideId "681318"]
[EventDate "2020.05.16"]

1. d4 Nf6 2. Bf4 g6 3. Nf3 Bg7 4. e3 O-O 5. c3 d6 6. Nbd2 Nbd7 7. Bc4 Qe8 8. O-O
e5 9. dxe5 dxe5 10. Bg3 Nh5 11. e4 Kh8 12. Qc2 c6 13. Rad1 f5 14. exf5 gxf5 15.
Bh4 e4 16. Ng5 Ne5 17. Qb3 h6 18. Ne6 Bxe6 19. Bxe6 Nf4 20. Bc4 b5 21. Bxb5 cxb5
22. Bg3 Ne2+ 23. Kh1 f4 24. Bh4 Qh5 25. Qxb5 e3 26. fxe3 fxe3 27. Rxf8+ Rxf8 28.
Nf1 Ng3+ 29. Bxg3 Qxd1 30. Kg1 e2 31. Bxe5 Qxf1# 0-1

[Event "ch-FRA Blitz Online Qual"]
[Site "Europe-Chess INT"]
[Date "2020.05.16"]
[Round "4"]
[White "Coutton, Sylvain"]
[Black "Pigeat, Benoit"]
[Result "1-0"]
[WhiteElo "2185"]
[BlackElo "1873"]
[WhiteFideId "610194"]
[BlackFideId "20643390"]
[EventDate "2020.05.16"]

1. d4 Nf6 2. c4 c5 3. d5 d6 4. Nc3 g6 5. e4 Bg7 6. h3 O-O 7. Nf3 Ne8 8. Be2 f5
9. Bd3 fxe4 10. Nxe4 e5 11. O-O Nd7 12. Be3 Ndf6 13. Nfg5 Nxe4 14. Nxe4 Bf5 15.
Qc2 Qh4 16. Bg5 Qh5 17. Qd2 Bxe4 18. Bxe4 h6 19. Be3 Nf6 20. Bf3 Qf5 21. Bxh6 e4
22. Be2 Bxh6 23. Qxh6 Kf7 24. Qe3 Rae8 25. Rae1 Re5 26. b4 b6 27. bxc5 bxc5 28.
Rb1 Re7 29. Qc3 g5 30. Rb3 Rfe8 31. Rfb1 Qxd5 32. cxd5 1-0

[Event "ch-FRA Blitz Online Qual"]
[Site "Europe-Chess INT"]
[Date "2020.05.16"]
[Round "4"]
[White "Ioannidis, Evgenios"]
[Black "Bakouri, Abdelmajid"]
[Result "1-0"]
[WhiteTitle "IM"]
[WhiteElo "2401"]
[BlackElo "1871"]
[WhiteFideId "4229274"]
[BlackFideId "7901682"]
[EventDate "2020.05.16"]

1. d4 Nf6 2. c4 g6 3. g3 Bg7 4. Bg2 O-O 5. Nc3 d6 6. e4 Nbd7 7. Nf3 e5 8. O-O c6
9. h3 h6 10. Be3 Qc7 11. Qd2 Kh7 12. Rad1 Ne8 13. Rfe1 a6 14. a4 Nb6 15. b3 Be6
16. d5 cxd5 17. cxd5 Bd7 18. Rc1 Qd8 19. g4 Nc8 20. Ne2 Ne7 21. Ng3 f5 22. exf5
gxf5 23. gxf5 Nxf5 24. Nxf5 Bxf5 25. Qb4 Bc8 26. Kh2 Kg8 27. Rg1 Qf6 28. Nd2 Kh8
29. Ne4 Qh4 30. Bd2 Rf3 31. Rxc8 Rxh3+ 32. Bxh3 Rxc8 33. Rg4 Qh5 34. Nxd6 Nxd6
35. Qxd6 Kh7 36. Qd7 Rg8 37. Be3 e4 38. Rxe4 Qf3 39. Qf5+ Qxf5 40. Bxf5+ Kh8 41.
Re7 Rf8 42. Be4 Bf6 43. Re6 Kg7 44. d6 Rd8 45. Bf4 Kf7 46. Bd5 Kg6 47. Be5 Rf8
48. d7 Kg5 49. Bxf6+ Rxf6 50. d8=Q 1-0

[Event "ch-FRA Blitz Online Qual"]
[Site "Europe-Chess INT"]
[Date "2020.05.16"]
[Round "4"]
[White "Condat, Hugo"]
[Black "De Seroux, Camille"]
[Result "0-1"]
[BlackTitle "WIM"]
[WhiteElo "1961"]
[BlackElo "2137"]
[WhiteFideId "26027402"]
[BlackFideId "1305620"]
[EventDate "2020.05.16"]

1. e4 c5 2. Nf3 d6 3. d4 cxd4 4. Qxd4 Nc6 5. Bb5 Bd7 6. Bxc6 Bxc6 7. Nc3 Nf6 8.
Bg5 e6 9. O-O-O Be7 10. Qd3 O-O 11. Nd4 Qa5 12. f4 Rfc8 13. e5 dxe5 14. fxe5
Qxe5 15. Bh4 Qf4+ 0-1

[Event "ch-FRA Blitz Online Qual"]
[Site "Europe-Chess INT"]
[Date "2020.05.16"]
[Round "4"]
[White "Derige Kane, Yan"]
[Black "Afraoui, Solenn"]
[Result "1-0"]
[WhiteElo "2236"]
[BlackElo "1889"]
[WhiteFideId "20665431"]
[BlackFideId "625167"]
[EventDate "2020.05.16"]

1. d4 f5 2. e4 fxe4 3. Nc3 Nf6 4. Bg5 g6 5. f3 d5 6. fxe4 Nxe4 7. Nxe4 dxe4 8.
Bc4 Bg7 9. Ne2 Qd6 10. O-O Bf6 11. Bf4 Qc6 12. Bb3 Bg4 13. c3 Nd7 14. h3 Be6 15.
d5 Qb6+ 16. Kh1 Bf7 17. a4 Nc5 18. Bc4 a5 19. Be3 Qd6 20. Bb5+ c6 21. dxc6 Qxd1
22. cxb7+ Kf8 23. bxa8=Q+ Kg7 24. Qxh8+ 1-0

[Event "ch-FRA Blitz Online Qual"]
[Site "Europe-Chess INT"]
[Date "2020.05.16"]
[Round "4"]
[White "Joly, Fabrice"]
[Black "Mallassagne, Francois-Eric"]
[Result "1/2-1/2"]
[WhiteElo "1957"]
[BlackElo "2163"]
[WhiteFideId "612235"]
[BlackFideId "620025"]
[EventDate "2020.05.16"]

1. e4 e5 2. Nc3 Nf6 3. f4 d5 4. fxe5 Nxe4 5. Qf3 Nxc3 6. dxc3 Be7 7. Bf4 O-O 8.
O-O-O c6 9. Bd3 h6 10. Ne2 Bg5 11. Kb1 Bxf4 12. Qxf4 Qg5 13. Qxg5 hxg5 14. h4 g4
15. Nf4 Nd7 16. e6 fxe6 17. Nxe6 Rf2 18. g3 Ne5 19. Ng5 Nf3 20. Kc1 Bd7 21. Rdf1
Rxf1+ 22. Rxf1 Rf8 23. Bh7+ Kh8 24. Bd3 Bf5 25. Bxf5 Rxf5 26. Nxf3 gxf3 27. Kd2
g5 28. hxg5 Kg7 29. Ke3 Re5+ 30. Kxf3 Rxg5 31. Kf4 Rg6 32. Re1 Rf6+ 33. Kg4 Rf2
34. Re7+ Kf6 35. Rxb7 Rxc2 36. Rxa7 Rxb2 37. Ra6 Ke5 38. Rxc6 Rxa2 39. Kh3 Rc2
40. Rc8 Ke6 41. Rc5 Kd6 42. Rc8 Kd7 43. Rc5 Kd6 44. Rc8 Rc1 45. g4 Kd7 46. Rc5
Kd6 47. Rc8 Ke7 48. Rc5 Ke6 49. g5 Kd6 50. Rc8 Kd7 51. Rc5 Kd6 52. Rc8 Ke6 53.
Rc5 Rh1+ 54. Kg4 Rg1+ 55. Kh5 Rc1 56. g6 Kd6 57. Rc8 Kd7 58. Rc5 1/2-1/2

[Event "ch-FRA Blitz Online Qual"]
[Site "Europe-Chess INT"]
[Date "2020.05.16"]
[Round "4"]
[White "Luminais, Eric"]
[Black "Louvrier Saint-Mary, Jean-Roger"]
[Result "1-0"]
[WhiteElo "2161"]
[BlackElo "1780"]
[WhiteFideId "610372"]
[BlackFideId "618349"]
[EventDate "2020.05.16"]

1. c4 f5 2. Nc3 Nf6 3. g3 b6 4. Bg2 Nc6 5. b4 Rb8 6. a3 g6 7. Bb2 Bg7 8. Nd5 O-O
9. Nxf6+ Bxf6 10. Bxf6 Rxf6 11. d4 f4 12. g4 e5 13. Bxc6 dxc6 14. dxe5 Qxd1+ 15.
Rxd1 Re6 16. Rd8+ Kg7 17. Nf3 h6 18. O-O c5 19. b5 Kf7 20. Rfd1 a6 21. Rh8 Re8
22. Rxh6 Kg7 23. g5 axb5 24. cxb5 Ra8 25. Nh4 Re6 26. Rd8 Bb7 27. Rd7+ Kg8 28.
Nxg6 Rxa3 29. Rh8# 1-0

[Event "ch-FRA Blitz Online Qual"]
[Site "Europe-Chess INT"]
[Date "2020.05.16"]
[Round "4"]
[White "Triton, Maxime"]
[Black "Ellis, Antoine"]
[Result "0-1"]
[WhiteElo "1843"]
[BlackElo "2066"]
[WhiteFideId "36062979"]
[BlackFideId "36019992"]
[EventDate "2020.05.16"]

1. e4 c5 2. Nf3 Nc6 3. d4 cxd4 4. Nxd4 g6 5. Be3 Bg7 6. Nc3 Nf6 7. Bc4 O-O 8.
Bb3 d6 9. h3 Bd7 10. O-O Rc8 11. f4 Na5 12. Qf3 Nc4 13. Bxc4 Rxc4 14. g4 Nxg4
15. hxg4 Bxd4 16. Kg2 Bxe3 17. Qxe3 Qa5 18. Rh1 Bxg4 19. Rh4 h5 20. Rah1 Qc5 21.
Qg3 Qc8 22. Qe3 Kg7 23. f5 Qc5 24. Qg5 b5 25. Rxg4 Rxc3 26. bxc3 hxg4 27. Qh6+
Kf6 28. Qh4+ Ke5 29. Qg3+ Kf6 30. Qh4+ Ke5 31. Qg3+ Kxe4 32. Rd1 Kxf5 33. Rf1+
Ke6 34. Qxg4+ f5 35. Qxg6+ Rf6 36. Qg8+ Kd7 37. Qg3 Qd5+ 38. Kg1 Qc5+ 39. Kg2
Qd5+ 40. Kg1 f4 41. Qg4+ Qf5 42. Qf3 Rg6+ 43. Kh2 Rh6+ 44. Kg2 Qxc2+ 45. Rf2
Rg6+ 46. Kh2 Rh6+ 47. Kg2 Qg6+ 48. Kf1 Qb1+ 49. Kg2 Qh1# 0-1

[Event "ch-FRA Blitz Online Qual"]
[Site "Europe-Chess INT"]
[Date "2020.05.16"]
[Round "4"]
[White "Defromont, Benjamin"]
[Black "Rahnama, Matin"]
[Result "1-0"]
[WhiteTitle "FM"]
[WhiteElo "2236"]
[BlackElo "1754"]
[WhiteFideId "36068829"]
[BlackFideId "45146039"]
[EventDate "2020.05.16"]

1. e4 c5 2. Nf3 d6 3. d4 cxd4 4. Nxd4 Nf6 5. Nc3 a6 6. g3 e5 7. Nf3 Be7 8. Nh4
Nc6 9. Bg2 Bg4 10. Bf3 Bxf3 11. Qxf3 Nd4 12. Qd3 O-O 13. Be3 Ng4 14. Nf5 Nxf5
15. exf5 Nxe3 16. fxe3 Bg5 17. O-O-O Re8 18. h4 Bf6 19. Qxd6 Qxd6 20. Rxd6 e4
21. Nd5 Be5 22. Rd7 Rad8 23. Rxd8 Rxd8 24. Nf4 h6 25. c3 b5 26. Rd1 Rc8 27. Rd5
Bf6 28. a3 a5 29. Rxb5 Kh7 30. Rxa5 g5 31. fxg6+ fxg6 32. Ra7+ Kg8 33. Nxg6 Rd8
34. Nf4 Be5 35. Re7 Bxf4 36. gxf4 Rd3 37. Rxe4 Kf7 38. Kc2 Rd6 39. h5 Kf6 40.
Re5 Rb6 41. a4 Re6 42. Rxe6+ Kxe6 43. e4 Kf6 44. b4 1-0

[Event "ch-FRA Blitz Online Qual"]
[Site "Europe-Chess INT"]
[Date "2020.05.16"]
[Round "4"]
[White "Le Bas, Alexis"]
[Black "Sahetchian, Armand"]
[Result "0-1"]
[WhiteElo "1889"]
[BlackElo "2117"]
[WhiteFideId "651087"]
[BlackFideId "607150"]
[EventDate "2020.05.16"]

1. c4 Nf6 2. g3 e6 3. Bg2 d5 4. b3 Be7 5. Nf3 c5 6. d3 O-O 7. Nc3 Nc6 8. O-O d4
9. Na4 e5 10. Ba3 Nd7 11. e3 Rb8 12. Qd2 b6 13. exd4 cxd4 14. Bxe7 Qxe7 15. a3
Bb7 16. b4 Rfe8 17. Rfe1 Qd6 18. Rac1 f5 19. Nh4 Qf6 20. Bd5+ Kh8 21. f3 Nd8 22.
Bxb7 Nxb7 23. Ng2 Qc6 24. Nb2 Qxf3 25. Rf1 Qh5 26. Nd1 Nf6 27. h3 Qxh3 28. Nf2
Qxg3 0-1

[Event "ch-FRA Blitz Online Qual"]
[Site "Europe-Chess INT"]
[Date "2020.05.16"]
[Round "4"]
[White "Bressy, Theo"]
[Black "Dijoux, Julien"]
[Result "1-0"]
[WhiteTitle "FM"]
[WhiteElo "2289"]
[BlackElo "1862"]
[WhiteFideId "26022842"]
[BlackFideId "666483"]
[EventDate "2020.05.16"]

1. e4 e5 2. Nf3 Nc6 3. d4 exd4 4. Bc4 Be7 5. O-O d6 6. Nxd4 Nf6 7. Nxc6 bxc6 8.
Nc3 O-O 9. Bf4 Be6 10. Bb3 Nd7 11. Qf3 Nc5 12. Rad1 Nxb3 13. axb3 Qc8 14. h3 Bf6
15. Qg3 Re8 16. Rfe1 Qb7 17. e5 dxe5 18. Bxe5 Bxe5 19. Qxe5 Rad8 20. Rxd8 Rxd8
21. Rd1 Rxd1+ 22. Nxd1 Qc8 23. Qc5 Qd7 24. Ne3 Qd2 25. Qxa7 h6 26. Qa8+ Kh7 27.
Qxc6 Qc1+ 28. Kh2 Qxb2 29. Qxc7 Qd4 30. c3 Qd2 31. c4 Qxf2 32. Qe5 Qe1 33. Qe4+
g6 34. Qe5 1-0

[Event "ch-FRA Blitz Online Qual"]
[Site "Europe-Chess INT"]
[Date "2020.05.16"]
[Round "4"]
[White "Vine, Thibaut"]
[Black "Nizard, Roger"]
[Result "1/2-1/2"]
[WhiteElo "1837"]
[BlackElo "2144"]
[WhiteFideId "20654227"]
[BlackFideId "604569"]
[EventDate "2020.05.16"]

1. e4 c5 2. Nc3 a6 3. a4 b6 4. g3 Bb7 5. Bg2 e6 6. d3 Nf6 7. Nf3 d5 8. exd5 Nxd5
9. O-O Nxc3 10. bxc3 Be7 11. Bf4 O-O 12. d4 Nd7 13. Rb1 Rc8 14. Qd3 c4 15. Qe2
Bc6 16. Ra1 h6 17. a5 b5 18. Ne5 Nxe5 19. Bxe5 Bxg2 20. Kxg2 Qd5+ 21. Qf3 Rfd8
22. Qxd5 Rxd5 23. Bf4 Bd8 24. Rfe1 Rc6 25. Bd2 f6 26. f4 Kf7 27. Kf3 g5 28. h3
Bc7 29. h4 Kg6 30. fxg5 hxg5 31. hxg5 fxg5 32. g4 Rd7 33. Re2 e5 34. Rae1 exd4
35. Re6+ Rxe6 36. Rxe6+ Kf7 37. Rxa6 d3 38. cxd3 Rxd3+ 39. Ke2 Bf4 40. Bxf4 gxf4
41. g5 Rxc3 42. Rf6+ Kg7 43. a6 Ra3 44. Rb6 Ra5 45. Kd2 f3 46. Rf6 f2 47. Rxf2
Rxa6 48. Kc3 Rb6 49. Kb4 Kg6 50. Rg2 Rb8 51. Rg4 Rc8 52. Kxb5 c3 53. Rg1 c2 54.
Rc1 Kxg5 55. Kb4 Kf4 56. Kb3 Ke3 57. Rxc2 Rxc2 58. Kxc2 1/2-1/2

[Event "ch-FRA Blitz Online Qual"]
[Site "Europe-Chess INT"]
[Date "2020.05.16"]
[Round "4"]
[White "Alloui-Cros, Baptiste"]
[Black "Azymah, Remy"]
[Result "1-0"]
[WhiteElo "2139"]
[BlackElo "1934"]
[WhiteFideId "20699824"]
[BlackFideId "26014300"]
[EventDate "2020.05.16"]

1. d4 Nf6 2. Nc3 d5 3. Bf4 g6 4. Qd2 Bg7 5. Bh6 O-O 6. O-O-O c6 7. h4 Nbd7 8. h5
Bxh6 9. Qxh6 e5 10. hxg6 fxg6 11. Nf3 e4 12. Ng5 Qe7 13. f3 e3 14. g3 Re8 15.
Bh3 Nf8 16. Kb1 b5 17. Bxc8 Raxc8 18. Rd3 c5 19. Nd1 cxd4 20. Rxd4 Qc5 21. c3
Ne6 22. Nxh7 Nxd4 23. Nxf6+ Kf7 24. Nd7 Qc7 25. Qh7+ Ke6 26. Nxe3 Qxd7 27. Qxg6+
Ke7 28. Rh7+ Kd8 29. Rxd7+ Kxd7 30. Nxd5 1-0

[Event "ch-FRA Blitz Online Qual"]
[Site "Europe-Chess INT"]
[Date "2020.05.16"]
[Round "4"]
[White "Afraoui, Anaelle"]
[Black "Msellek, Ilyass"]
[Result "0-1"]
[WhiteTitle "WFM"]
[BlackTitle "FM"]
[WhiteElo "2120"]
[BlackElo "2316"]
[WhiteFideId "20654383"]
[BlackFideId "675938"]
[EventDate "2020.05.16"]

1. e4 d6 2. d4 Nf6 3. Nc3 e5 4. dxe5 dxe5 5. Qxd8+ Kxd8 6. Bc4 Ke8 7. Nf3 Bd6 8.
Bg5 c6 9. O-O-O Bc7 10. a4 Nbd7 11. Ba2 Nc5 12. Nd2 Be6 13. Bxe6 Nxe6 14. Be3
Ng4 15. Nc4 Nxe3 16. Nxe3 g6 17. Nc4 Ke7 18. Ne2 h5 19. b3 h4 20. f3 Ng5 21. Rd3
Rad8 22. Rhd1 Rxd3 23. Rxd3 f5 24. exf5 gxf5 25. Re3 Kf6 26. Rd3 Rh7 27. Kb2 e4
28. fxe4 fxe4 29. Rd1 Bxh2 30. Rf1+ Kg6 31. Nc3 b5 32. axb5 cxb5 33. Nxb5 Re7
34. Re1 Bg3 35. Re2 Kf5 36. Nc3 Bb8 37. Ne3+ Kg6 38. Ned5 Re8 39. Rf2 Be5 40.
Re2 Kf5 41. Ne3+ Kf4 42. Nc4 Bh8 43. Ne3 Kg3 44. Nf5+ Kf4 45. Nd6 Re6 46. Nb5 e3
47. Na3 Ne4 48. Nb1 Rc6 0-1

[Event "ch-FRA Blitz Online Qual"]
[Site "Europe-Chess INT"]
[Date "2020.05.16"]
[Round "4"]
[White "Samoun, Florent"]
[Black "Ragneau, Freddy"]
[Result "1-0"]
[WhiteTitle "FM"]
[WhiteElo "2299"]
[BlackElo "1859"]
[WhiteFideId "664995"]
[BlackFideId "36001228"]
[EventDate "2020.05.16"]

1. e4 Nf6 2. e5 Nd5 3. c4 Nb6 4. d4 d6 5. exd6 cxd6 6. Be3 g6 7. Nc3 Bg7 8. b3
O-O 9. Rc1 Nc6 10. Be2 e5 11. dxe5 dxe5 12. Nf3 Bf5 13. c5 Nd7 14. O-O e4 15.
Nd4 Nxd4 16. Bxd4 Ne5 17. h3 h5 18. Kh1 Qh4 19. f4 exf3 20. Bxf3 Nxf3 21. Bxg7
Kxg7 22. Qxf3 Rae8 23. Nd5 Re4 24. Qc3+ 1-0

[Event "ch-FRA Blitz Online Qual"]
[Site "Europe-Chess INT"]
[Date "2020.05.16"]
[Round "4"]
[White "Chabradze, Boris"]
[Black "Dore, Armand"]
[Result "1/2-1/2"]
[WhiteElo "2101"]
[BlackElo "1855"]
[WhiteFideId "13603019"]
[BlackFideId "680508"]
[EventDate "2020.05.16"]

1. e4 c5 2. Nf3 d6 3. d4 cxd4 4. Nxd4 Nf6 5. Nc3 g6 6. Be3 Bg7 7. Bc4 O-O 8. f3
Nc6 9. Qd2 Ne5 10. Bb3 Bd7 11. h4 h5 12. O-O-O Rb8 13. g4 b5 14. Bh6 Nc4 15.
Bxc4 bxc4 16. Bxg7 Kxg7 17. gxh5 Nxh5 18. Nf5+ Bxf5 19. exf5 Qb6 20. b3 cxb3 21.
cxb3 Rfc8 22. Kb1 Qc5 23. Ne4 Qxf5 24. Qd4+ Qe5 25. Qxe5+ dxe5 26. Rd7 a5 27.
Rxe7 a4 28. Nd6 Rf8 29. Kb2 axb3 30. axb3 Nf4 31. Rxe5 Nd3+ 32. Kc3 Nxe5 33. Kd4
Nxf3+ 34. Ke4 Nd2+ 35. Kd3 Nxb3 36. h5 Nc5+ 37. Kc4 gxh5 38. Rg1+ Kh7 39. Kxc5
f5 40. Kd5 Rbd8 41. Ke6 Rxd6+ 42. Kxd6 f4 43. Ke5 Kh6 44. Ke4 h4 45. Kf3 Kh5 46.
Rg7 Rf6 47. Rh7+ Kg5 48. Rg7+ Kf5 49. Rg4 Rh6 50. Rxf4+ Ke5 51. Ra4 h3 52. Ra1
h2 53. Rh1 Kf5 54. Kg3 Kg5 1/2-1/2

[Event "ch-FRA Blitz Online Qual"]
[Site "Europe-Chess INT"]
[Date "2020.05.16"]
[Round "4"]
[White "Spitz, Christophe"]
[Black "Bellahcene, Meriem"]
[Result "1-0"]
[WhiteElo "2137"]
[BlackElo "1936"]
[WhiteFideId "608378"]
[BlackFideId "20655347"]
[EventDate "2020.05.16"]

1. e4 d6 2. f4 Nf6 3. e5 dxe5 4. fxe5 Ng4 5. d4 Nc6 6. c3 Ncxe5 7. Be2 h5 8.
dxe5 Qxd1+ 9. Bxd1 Nxe5 10. Nf3 Ng6 11. O-O e5 12. Bc2 Bc5+ 13. Kh1 O-O 14. Nbd2
f5 15. Nb3 Bb6 16. Bg5 Bd7 17. Rad1 Bc6 18. Nh4 Nxh4 19. Bxh4 f4 20. Nd2 a5 21.
Be4 Bxe4 22. Nxe4 Be3 23. Bf2 Bxf2 24. Rxf2 Ra6 25. Rfd2 Rb6 26. b3 Rc6 27. c4
Rf5 28. Rd7 Kh7 29. R1d5 a4 30. Re7 axb3 31. axb3 Ra6 32. h3 Ra1+ 33. Kh2 Rb1
34. Rexe5 Rxe5 35. Rxe5 Rxb3 36. Rxh5+ Kg6 37. Rg5+ Kf7 38. Rf5+ Ke6 39. Nc5+
Kxf5 40. Nxb3 Ke4 41. h4 Kd3 42. Nc5+ Kxc4 43. Ne6 Kb3 44. Nxg7 c5 45. Ne6 c4
46. h5 c3 47. Nd4+ Kc4 48. Nc2 Kd3 49. Na3 c2 50. Nxc2 Kxc2 51. h6 b5 52. h7 b4
53. h8=Q b3 54. Qc8+ Kb1 55. Qc3 b2 56. Kh3 Ka2 57. Qxb2+ Kxb2 58. Kg4 1-0

[Event "ch-FRA Blitz Online Qual"]
[Site "Europe-Chess INT"]
[Date "2020.05.16"]
[Round "4"]
[White "Janzelj, Lara"]
[Black "Zachary, Bastian"]
[Result "1/2-1/2"]
[WhiteTitle "WIM"]
[WhiteElo "2210"]
[BlackElo "1923"]
[WhiteFideId "14608391"]
[BlackFideId "36019402"]
[EventDate "2020.05.16"]

1. d4 Nf6 2. c4 e6 3. Nf3 Bb4+ 4. Nbd2 O-O 5. a3 Be7 6. e4 d5 7. e5 Nfd7 8. Bd3
c5 9. O-O cxd4 10. Re1 dxc4 11. Nxc4 Nc6 12. b4 Nb6 13. Bb2 a6 14. Nxd4 Nxc4 15.
Bxc4 Qc7 16. Nxc6 bxc6 17. Qc2 Bb7 18. Bd3 h6 19. Rac1 Rac8 20. Qc4 a5 21. Qe4
g6 22. b5 c5 23. Qe3 Kg7 24. a4 Bd5 25. Bc4 Qb7 26. Bxd5 Qxd5 27. Bc3 Qb3 28.
Bxa5 Qxa4 29. Bd2 g5 30. Rb1 Rb8 31. Qe2 Qd4 32. b6 c4 33. b7 Qd5 34. h4 Rxb7
35. Rxb7 Qxb7 36. hxg5 hxg5 37. Qg4 Kg6 38. Qxc4 Qd5 39. Qc2+ Kg7 40. Qc1 Kg6
41. Re3 Rd8 42. Be1 Bc5 43. Qc2+ Kg7 44. Rg3 Qxe5 45. Bc3 Bd4 46. Bxd4 Rxd4 47.
Qc1 f6 48. Rc3 Rh4 49. g3 Rh7 50. Rc7+ Kg6 51. Qc2+ f5 52. Rxh7 Kxh7 53. Qc6
Qe1+ 54. Kg2 Qe4+ 55. Qxe4 fxe4 56. g4 Kg6 57. Kf1 Kf6 58. Ke2 Ke5 59. Ke3 Kd5
60. Ke2 Kd4 61. Kd2 Kd5 62. Ke2 Kd4 63. Kd2 e5 64. Ke2 Kc4 65. Ke3 Kd5 66. Ke2
Kd4 67. Kd2 Kc4 68. Ke3 Kd5 69. Ke2 Kd4 1/2-1/2